[Event "Steinegg-Deutschnofen"]
[Site "?"]
[Date "2017.11.11"]
[Round "1.4"]
[White "Engl, Alexander"]
[Black "Micheli, Carlo"]
[Result "0-1"]
[WhiteElo "1812"]
[BlackElo "2235"]
[PlyCount "56"]
[EventDate "2017.11.11"]

1. e4 d6 2. d4 Nf6 3. Nc3 c6 4. Be3 Nbd7 5. f3 e5 6. Nge2 h5 7. Qd2 b5 8. Nd1
d5 9. exd5 Nxd5 10. Nf2 Be7 11. a4 N7b6 12. Nc1 Nxe3 13. Qxe3 exd4 14. Qe4 Rh6
15. Be2 Nxa4 16. O-O Nc5 17. Qf4 Bd6 18. Qd2 Qh4 19. h3 Bf4 20. Qb4 Qg3 21. Nh1
Be3+ 22. Rf2 Qd6 23. Nd3 Nxd3 24. Qxd6 Rxd6 25. Bxd3 h4 26. Kf1 Bxf2 27. Nxf2
f5 28. Re1+ Kf7 0-1

[Event "Steinegg-Deutschnofen"]
[Site "?"]
[Date "2017.11.11"]
[Round "1.5"]
[White "Tonina, Filippo"]
[Black "Lantschner, Carmen"]
[Result "1-0"]
[WhiteElo "1964"]
[BlackElo "1624"]
[PlyCount "101"]
[EventDate "2017.11.11"]

1. d4 d6 2. e4 g6 3. Nc3 Bg7 4. Be3 Nf6 5. Be2 O-O 6. h3 c6 7. a4 e5 8. Nf3
exd4 9. Nxd4 Qe7 10. Bd3 Nbd7 11. O-O Nc5 12. Bg5 h6 13. Bh4 g5 14. Bg3 Nfxe4
15. Bxe4 Nxe4 16. Re1 Nxc3 17. Rxe7 Nxd1 18. Rxd1 Bf6 19. Re2 d5 20. Bd6 Rd8
21. Be7 Bxe7 22. Rxe7 Kf8 23. Rde1 c5 24. Nb5 a6 25. Nc7 Rb8 26. Re8+ Rxe8 27.
Rxe8+ Kg7 28. Nxd5 Be6 29. Rxb8 Bxd5 30. f3 h5 31. Kf2 Kf6 32. Ke3 Kf5 33. Rd8
Ke5 34. g3 f5 35. f4+ gxf4+ 36. gxf4+ Ke6 37. Rh8 Be4 38. Rxh5 Bxc2 39. Rh7 Be4
40. Rg7 Kf6 41. Rg5 b5 42. axb5 axb5 43. h4 Bd5 44. h5 Bf7 45. Kd3 Bc4+ 46. Ke3
Bf7 47. h6 Bg6 48. Rg1 Kf7 49. Rc1 c4 50. Kd4 Kg8 51. Kc5 1-0

[Event "Steinegg-Deutschnofen"]
[Site "?"]
[Date "2017.11.11"]
[Round "1.6"]
[White "Schroffenegger, Simon"]
[Black "Thurner, Markus"]
[Result "0-1"]
[WhiteElo "1406"]
[BlackElo "1910"]
[PlyCount "90"]
[EventDate "2017.11.11"]

1. e4 c5 2. f4 e6 3. Nf3 Nc6 4. Be2 d5 5. exd5 exd5 6. O-O Bd6 7. d4 Nf6 8. c3
O-O 9. Ne5 Qb6 10. Nxc6 bxc6 11. b3 Re8 12. Bb2 cxd4 13. cxd4 Rxe2 14. Qxe2 Ba6
15. Qd1 Bxf1 16. Qxf1 Ne4 17. g3 Re8 18. Kg2 Qb4 19. Qd1 Qb5 20. Nc3 Nxc3 21.
Bxc3 Qe2+ 22. Qxe2 Rxe2+ 23. Kh3 Kf8 24. a4 Re3 25. Rc1 Ke8 26. Re1 Bxf4 27.
Kg2 Rxe1 28. Bxe1 Be3 29. Bc3 Kd7 30. Kf3 Bc1 31. Bb4 Ke6 32. h4 h5 33. Bf8 g6
34. Ke2 Kf5 35. Bd6 Ke4 36. Bc5 a6 37. Bb6 Be3 38. Bc5 f5 39. a5 g5 40. Be7
gxh4 41. Bxh4 Bxd4 42. Be7 Bc3 43. b4 d4 44. Bd6 d3+ 45. Kd1 Kf3 0-1

[Event "Arci-Ridnaun"]
[Site "?"]
[Date "2017.11.18"]
[Round "2.1"]
[White "Aigner, Helmut"]
[Black "Adzic, Ranko"]
[Result "0-1"]
[WhiteElo "1864"]
[BlackElo "1916"]
[PlyCount "82"]
[EventDate "2017.11.18"]

1. e4 d6 2. d4 c5 3. d5 Nf6 4. f3 g6 5. c4 Bg7 6. Nc3 O-O 7. Be3 Na6 8. Qd2 Nb4
9. a3 Qa5 10. Rc1 Na6 11. Nge2 Bd7 12. g4 Rab8 13. Ng3 Nc7 14. h4 b5 15. cxb5
Bxb5 16. h5 Bxf1 17. Kxf1 Nb5 18. Nf5 gxf5 19. gxf5 Nxc3 20. bxc3 Qa6+ 21. Ke1
h6 22. Bxh6 Rb2 23. Qxb2 Bxh6 24. Rd1 Kh7 25. Rg1 Nd7 26. Kf2 Rb8 27. Qe2 Qxa3
28. Rb1 Qxc3 29. Rxb8 Qd4+ 30. Kg2 Nxb8 31. Rb1 Nd7 32. Rb7 Qg7+ 33. Kf1 Ne5
34. Qg2 Bg5 35. Rxa7 Nd3 36. Qc2 Qd4 37. Ra3 c4 38. Ra8 Qe3 39. Ra1 Qxf3+ 40.
Kg1 Be3+ 41. Kh2 Nf4 0-1

[Event "Brixen/Milland-Lana"]
[Site "?"]
[Date "2017.11.18"]
[Round "2.2"]
[White "Kofler, Thomas"]
[Black "Kofler, Albin Ernst"]
[Result "1-0"]
[WhiteElo "1932"]
[BlackElo "1515"]
[PlyCount "35"]
[EventDate "2017.11.18"]

1. c4 b6 2. d4 Bb7 3. Nf3 e6 4. Nc3 Bb4 5. Bd2 Nf6 6. a3 Bxc3 7. Bxc3 d5 8. e3
Nbd7 9. Be2 Ne4 10. O-O O-O 11. Be1 Qe7 12. b4 Rfe8 13. c5 e5 14. c6 Bxc6 15.
Rc1 Qd6 16. b5 Bb7 17. Bb4 c5 18. bxc6 1-0

[Event "Bruneck-Gries"]
[Site "?"]
[Date "2017.11.18"]
[Round "2.1"]
[White "Spornberger, Andre"]
[Black "Moling, Patrick"]
[Result "0-1"]
[WhiteElo "2279"]
[BlackElo "2060"]
[PlyCount "100"]
[EventDate "2017.11.18"]

1. d4 Nf6 2. Bf4 c5 3. e3 Qb6 4. Nc3 d6 5. Rb1 g6 6. Nf3 Bg7 7. h3 O-O 8. Bh2
a6 9. Qd2 Qc7 10. a4 cxd4 11. exd4 Bf5 12. Bd3 Bxd3 13. Qxd3 Nc6 14. O-O Rac8
15. Rfe1 Na5 16. Nd2 Rfe8 17. Nce4 Nxe4 18. Qxe4 Qc6 19. Qd3 Nc4 20. Ne4 b5 21.
axb5 axb5 22. h4 b4 23. h5 Nb6 24. Re2 Qd5 25. Rbe1 Red8 26. hxg6 hxg6 27. c3
bxc3 28. bxc3 Qf5 29. Qa6 Nd5 30. Qb7 Rc7 31. Qb3 Nf4 32. Bxf4 Qxf4 33. Qd5 e6
34. Qa5 Rcd7 35. d5 exd5 36. Qxd5 Qf5 37. Qc6 d5 38. Nc5 Rd6 39. Re8+ Kh7 40.
Qc7 Rxe8 41. Rxe8 Be5 42. Rxe5 Qxe5 43. Qxf7+ Qg7 44. Qf3 Qe7 45. g3 Rf6 46.
Qxd5 Qe1+ 47. Kh2 Qxf2+ 48. Kh3 Rf5 49. Qd7+ Kh6 50. Qd3 Qf1+ 0-1

[Event "Bruneck-Gries"]
[Site "?"]
[Date "2017.11.18"]
[Round "2.2"]
[White "Peintner, Andreas"]
[Black "Zammarchi, Massimo"]
[Result "1/2-1/2"]
[WhiteElo "1942"]
[BlackElo "1943"]
[PlyCount "47"]
[EventDate "2017.11.18"]

1. d4 f5 2. Nf3 Nf6 3. g3 g6 4. Bg2 Bg7 5. O-O O-O 6. b4 d6 7. Bb2 c6 8. c4 a5
9. a3 Bd7 10. Nbd2 Na6 11. Qb3 Nc7 12. Bc3 a4 13. Qc2 b5 14. c5 Ncd5 15. Bb2 f4
16. Ne1 Qe8 17. Nd3 g5 18. Rae1 fxg3 19. hxg3 Qh5 20. Bf3 Ng4 21. Bxg4 Qxg4 22.
e4 Nf4 23. Nxf4 gxf4 24. Qd1 1/2-1/2

[Event "Bruneck-Gries"]
[Site "?"]
[Date "2017.11.18"]
[Round "2.3"]
[White "Paulmichl, Martin"]
[Black "Balzarini, Franco"]
[Result "1-0"]
[WhiteElo "1870"]
[BlackElo "1845"]
[PlyCount "121"]
[EventDate "2017.11.18"]

1. d4 d5 2. Bg5 Nd7 3. e3 Ngf6 4. Nf3 e6 5. Bd3 Be7 6. Nbd2 O-O 7. O-O c5 8. c3
b6 9. Rc1 Bb7 10. Re1 Ne4 11. Bxe7 Qxe7 12. Qc2 f5 13. Ne5 Nxe5 14. dxe5 c4 15.
Bf1 Kh8 16. g3 Rg8 17. f3 Nc5 18. b3 b5 19. b4 Nd7 20. f4 a5 21. a3 Nb6 22. Nf3
Ra7 23. Nd4 Qd7 24. Rb1 Rga8 25. Rb2 Bc6 26. Reb1 Na4 27. Ra2 axb4 28. axb4 Qc8
29. Rba1 Bd7 30. Ra3 Qd8 31. h4 Qe7 32. Be2 h6 33. Kf2 Rg8 34. Rh1 g6 35. Rh2
Kg7 36. Rh1 Kf8 37. Nf3 Qe8 38. Bd1 Bc6 39. Qd2 Qa8 40. Qd4 Rgg7 41. Bc2 Kg8
42. Rha1 Be8 43. Bxa4 bxa4 44. Qb6 Rge7 45. Qd4 Rg7 46. Qd1 Qd8 47. Nd4 Qe7 48.
b5 g5 49. hxg5 hxg5 50. Rxa4 Rxa4 51. Rxa4 Rh7 52. Qg1 gxf4 53. exf4 Rh3 54.
Ra8 Kf8 55. Qa1 Rh2+ 56. Kf3 Qf7 57. Qa3+ Kg8 58. Qd6 Rh6 59. Qd8 Kf8 60. b6
Qg6 61. Qxe8+ 1-0

[Event "Bruneck-Gries"]
[Site "?"]
[Date "2017.11.18"]
[Round "2.4"]
[White "De Nicolo, Werner"]
[Black "Niederstaetter, Harald"]
[Result "1-0"]
[WhiteElo "1476"]
[BlackElo "1943"]
[PlyCount "56"]
[EventDate "2017.11.18"]

1. c4 d6 2. Nc3 e5 3. g3 Be7 4. Bg2 f5 5. d3 Nf6 6. Bg5 Nbd7 7. e3 O-O 8. Nge2
c6 9. O-O Qe8 10. b3 Qh5 11. Bxf6 Nxf6 12. d4 e4 13. Nf4 Qf7 14. f3 g5 15. Nfe2
exf3 16. Rxf3 Qg6 17. Qd2 Bd7 18. a4 Rae8 19. Re1 Bd8 20. Nc1 Ba5 21. Rff1 Ne4
22. Bxe4 Rxe4 23. Qc2 Bxc3 24. Qxc3 Rfe8 25. d5 Qf7 26. dxc6 Bxc6 27. Qd2 Qe6
28. Qd3 f4 1-0

[Event "Bruneck-Gries"]
[Site "?"]
[Date "2017.11.18"]
[Round "2.5"]
[White "Ellemund, Gabriel"]
[Black "Lanz, Josef"]
[Result "1-0"]
[WhiteElo "1588"]
[BlackElo "1603"]
[PlyCount "99"]
[EventDate "2017.11.18"]

1. d4 b6 2. Bf4 Bb7 3. e3 e6 4. Nf3 d6 5. Nbd2 Nd7 6. Bd3 Be7 7. O-O Ngf6 8. h3
O-O 9. c3 c5 10. Nc4 Qc7 11. Qe2 Rfe8 12. Rfd1 b5 13. Na3 a6 14. Rac1 Qc6 15.
Bh2 e5 16. dxe5 dxe5 17. e4 Bf8 18. Nd2 c4 19. Naxc4 bxc4 20. Nxc4 a5 21. Ne3
Ba6 22. Nd5 Bxd3 23. Rxd3 Nc5 24. Nxf6+ Qxf6 25. Rd5 Rab8 26. b3 Re6 27. Rcd1
Qe7 28. Qg4 f6 29. Qe2 Kh8 30. Qc4 Reb6 31. Bg3 h6 32. f3 Kh7 33. Bf2 Rc6 34.
b4 axb4 35. cxb4 Rbc8 36. Bxc5 Rxc5 37. Rxc5 Qa7 38. Rdd5 Bxc5+ 39. Rxc5 Ra8
40. Kh2 Qxa2 41. Qxa2 Rxa2 42. Kg3 Rb2 43. Rb5 g5 44. Rb8 h5 45. b5 h4+ 46. Kh2
Kg7 47. b6 Kf7 48. b7 Kg7 49. Kg1 Kf7 50. Rh8 1-0

[Event "Bruneck-Gries"]
[Site "?"]
[Date "2017.11.18"]
[Round "2.6"]
[White "Scanferla, Antonio"]
[Black "Spornberger, Peter"]
[Result "1-0"]
[WhiteElo "1416"]
[BlackElo "1537"]
[PlyCount "102"]
[EventDate "2017.11.18"]

1. e4 e5 2. Nf3 Nc6 3. Bc4 Nf6 4. d3 Bc5 5. Bg5 h6 6. Bh4 d6 7. Nc3 Be6 8. Nd5
Bxd5 9. Bxd5 O-O 10. Qd2 Rb8 11. c3 Bb6 12. O-O Qe7 13. g4 Qd7 14. Kh1 Qxg4 15.
Qe2 Nh7 16. Rg1 Qh5 17. Rg3 Kh8 18. Rag1 g5 19. Bxg5 Nxg5 20. Rg4 Rg8 21. R1g3
Nxf3 22. Qxf3 Rg5 23. Qf6+ Kh7 24. Bxf7 Qxg4 25. Rxg4 Rxg4 26. Qf5+ Kg7 27.
Qxg4+ Kxf7 28. h4 Rg8 29. Qf5+ Kg7 30. h5 Ne7 31. Qe6 Re8 32. Kg2 a6 33. Kf1 a5
34. Ke2 Bc5 35. a3 Bb6 36. b4 axb4 37. axb4 Ba7 38. Qd7 Kf7 39. Qxc7 Ke6 40.
Qxb7 Bb8 41. Qb5 Kf7 42. Qd7 Kf8 43. d4 exd4 44. cxd4 Kf7 45. Kd3 Kf8 46. f4 d5
47. e5 Kf7 48. f5 Kf8 49. f6 Nf5 50. Qxf5 Kf7 51. Qd7+ Kf8 1-0

[Event "Deutschnofen-Groeden"]
[Site "?"]
[Date "2017.11.18"]
[Round "2.1"]
[White "Seresin, Francesco"]
[Black "Manca, Federico"]
[Result "1/2-1/2"]
[WhiteElo "2191"]
[BlackElo "2411"]
[PlyCount "117"]
[EventDate "2017.11.18"]

1. d4 Nf6 2. c4 e6 3. Nc3 Bb4 4. Qc2 d5 5. cxd5 exd5 6. Bg5 c5 7. dxc5 h6 8.
Bh4 g5 9. Bg3 Ne4 10. e3 Nc6 11. Bd3 Nxg3 12. hxg3 Bxc5 13. Nge2 Be6 14. a3 Rc8
15. Rd1 Qf6 16. O-O Bb6 17. Bb5 O-O 18. Qa4 Rfd8 19. Bxc6 bxc6 20. b4 c5 21.
bxc5 Rxc5 22. Nb5 Rc4 23. Qb3 d4 24. Qb2 Bd5 25. Nbxd4 Bb7 26. Rc1 Rxc1 27.
Rxc1 Qe5 28. Qb1 Be4 29. Qb5 Qxb5 30. Nxb5 Rd2 31. Nbd4 Bg6 32. g4 Ra2 33. Rc3
Ba5 34. Rb3 Ra1+ 35. Kh2 Bc7+ 36. Ng3 Ra2 37. f3 a6 38. Nc6 Bd6 39. Nb4 Ra1 40.
e4 a5 41. Nc2 Rc1 42. Ne3 a4 43. Rd3 Be5 44. Nd5 Rb1 45. Ne7+ Kg7 46. Nc6 Bf4
47. Rd4 Rb3 48. Rxa4 Bc1 49. Rc4 Bxa3 50. Nd4 Rb2 51. Ndf5+ Kh7 52. e5 Rb5 53.
Re4 Rb6 54. Nh5 Bb2 55. Nf6+ Kh8 56. g3 Bxe5 57. Rxe5 Rxf6 58. Nxh6 Rxf3 59.
Nf5 1/2-1/2

[Event "Deutschnofen-Groeden"]
[Site "?"]
[Date "2017.11.18"]
[Round "2.2"]
[White "Dappiano, Andrea"]
[Black "Moroder, Stephan"]
[Result "1/2-1/2"]
[WhiteElo "2258"]
[BlackElo "2160"]
[PlyCount "86"]
[EventDate "2017.11.18"]

1. e4 c5 2. c3 Nf6 3. e5 Nd5 4. d4 cxd4 5. Nf3 e6 6. cxd4 b6 7. Bc4 Bb7 8. O-O
Be7 9. Qe2 O-O 10. Rd1 d6 11. Bxd5 Bxd5 12. Nc3 Bb7 13. d5 exd5 14. Nxd5 dxe5
15. Qxe5 Bxd5 16. Rxd5 Qe8 17. Bf4 Bf6 18. Qh5 Qe4 19. Ng5 Bxg5 20. Qxg5 f6 21.
Qf5 Qxf5 22. Rxf5 Rd8 23. Be3 Nc6 24. Rf4 Rac8 25. h3 Ne5 26. b3 Rc2 27. Ra4
Rd7 28. Kh2 h5 29. Rc1 Rxc1 30. Bxc1 Nc6 31. Be3 Kf7 32. Rc4 Ne5 33. Rc8 h4 34.
Rh8 Ng6 35. Ra8 Ke6 36. a4 Kd5 37. Rc8 Ne5 38. Rh8 Ng6 39. Rh5+ Kc6 40. b4 Kb7
41. Rh7 Kc6 42. Rh5 Re7 43. b5+ Kd6 1/2-1/2

[Event "Deutschnofen-Groeden"]
[Site "?"]
[Date "2017.11.18"]
[Round "2.3"]
[White "Demetz, Rainer"]
[Black "Zamengo, Fulvio"]
[Result "0-1"]
[WhiteElo "2187"]
[BlackElo "2304"]
[PlyCount "126"]
[EventDate "2017.11.18"]

1. e4 e6 2. d3 d5 3. Nd2 a5 4. Ngf3 a4 5. g3 Nf6 6. e5 Nfd7 7. Bg2 Nc6 8. d4 a3
9. O-O axb2 10. Bxb2 Nb6 11. Qe2 Na5 12. Bc3 Bd7 13. Rfb1 Bc6 14. h4 Nac4 15.
Bb4 Bxb4 16. Rxb4 Qe7 17. Rbb1 O-O 18. Nb3 Ra3 19. c3 Rfa8 20. Rc1 Na4 21. Qc2
h6 22. Rcb1 Na5 23. Bf1 Nb6 24. Nc1 Ba4 25. Qd3 Nac4 26. Ne1 Qd7 27. Rb4 Qe7
28. Rab1 Ra6 29. Be2 c5 30. dxc5 Qxc5 31. Qd4 Qxd4 32. cxd4 Bc6 33. Ned3 Na4
34. R1b3 Nc3 35. Nc5 Ra7 36. Bxc4 dxc4 37. Rxc4 Nxa2 38. Nxa2 Rxb3 39. Nxb3
Rxa2 40. Rc1 Bd5 41. Nc5 Bc6 42. Kf1 Rd2 43. Rb1 b5 44. Nb3 Ra2 45. Ke1 Kh7 46.
Nc5 g5 47. hxg5 hxg5 48. Rc1 Bf3 49. Rb1 Re2+ 50. Kf1 Rd2 51. Nb3 Ra2 52. Nc5
Kg6 53. Ke1 Re2+ 54. Kf1 Rd2 55. Nb3 Ra2 56. Ke1 Re2+ 57. Kf1 g4 58. Nc5 Rd2
59. Nb3 Ra2 60. Ke1 Re2+ 61. Kf1 b4 62. d5 Rxe5 63. dxe6 Rh5 0-1

[Event "Deutschnofen-Groeden"]
[Site "?"]
[Date "2017.11.18"]
[Round "2.4"]
[White "Micheli, Carlo"]
[Black "Bernardi, Ruben"]
[Result "1-0"]
[WhiteElo "2235"]
[BlackElo "2107"]
[PlyCount "85"]
[EventDate "2017.11.18"]

1. c4 e5 2. g3 Nf6 3. Bg2 h6 4. b3 Bc5 5. Bb2 O-O 6. Nc3 Re8 7. d3 c6 8. Nh3 d5
9. O-O Be6 10. Kh1 d4 11. Ne4 Nxe4 12. dxe4 Qe7 13. f3 a5 14. a3 b5 15. cxb5
cxb5 16. Nf2 a4 17. b4 Ba7 18. Nd3 Nd7 19. Bc1 Rac8 20. Bd2 f6 21. h4 Nb6 22.
Nc5 Bf7 23. Bh3 Rc7 24. e3 Nc4 25. exd4 Bxc5 26. bxc5 exd4 27. Bf4 Rxc5 28.
Qxd4 Rd8 29. Qf2 Ne5 30. Bxe5 Qxe5 31. Rac1 Rc3 32. Bg2 Rxa3 33. f4 Qe7 34. e5
Ra2 35. Qb6 Rdd2 36. Rc8+ Kh7 37. Be4+ f5 38. Bxf5+ g6 39. Be4 Qd7 40. f5 Qxc8
41. fxg6+ Kg8 42. gxf7+ Kf8 43. Qxh6+ 1-0

[Event "Deutschnofen-Groeden"]
[Site "?"]
[Date "2017.11.18"]
[Round "2.5"]
[White "Moroder, Thomas"]
[Black "Tonina, Filippo"]
[Result "0-1"]
[WhiteElo "1980"]
[BlackElo "1964"]
[PlyCount "82"]
[EventDate "2017.11.18"]

1. e4 d6 2. d4 Nf6 3. f3 c5 4. dxc5 Qa5+ 5. Nc3 Qxc5 6. Bb5+ Bd7 7. Qe2 a6 8.
Be3 Bxb5 9. Nxb5 Qxb5 10. c4 Qb4+ 11. Kf2 Nc6 12. a3 Qa5 13. Nh3 g6 14. Rhd1
Bg7 15. Rac1 O-O 16. Nf4 e5 17. Nd3 Qd8 18. Kg1 Qe7 19. Qf2 Nd7 20. c5 Nd4 21.
cxd6 Qxd6 22. Nb4 Rac8 23. f4 Rxc1 24. Bxc1 Nc5 25. Nc2 Rd8 26. Nxd4 exd4 27.
e5 Qd5 28. Qh4 Ne6 29. g4 d3 30. Qf2 Bf8 31. b4 a5 32. f5 Qe4 33. h3 Nd4 34.
fxg6 Ne2+ 35. Kh2 Qxe5+ 36. Kg2 Qe4+ 37. Qf3 Qxf3+ 38. Kxf3 Nxc1 39. gxf7+ Kxf7
40. Rxc1 d2 41. Rd1 axb4 0-1

[Event "Deutschnofen-Groeden"]
[Site "?"]
[Date "2017.11.18"]
[Round "2.6"]
[White "Thurner, Markus"]
[Black "Grossi, Christian"]
[Result "1-0"]
[WhiteElo "1910"]
[BlackElo "1841"]
[PlyCount "100"]
[EventDate "2017.11.18"]

1. e4 d6 2. Nc3 g6 3. Bc4 Nf6 4. d3 Bg7 5. f4 c6 6. Bb3 Nbd7 7. Nf3 Nc5 8. Be3
Nxb3 9. axb3 Ng4 10. Bg1 O-O 11. h3 Nf6 12. Be3 e5 13. fxe5 dxe5 14. Qd2 Qc7
15. Qf2 Nd7 16. Na4 Qa5+ 17. Bd2 Qc7 18. Be3 Qa5+ 19. Bd2 Qa6 20. O-O b5 21.
Nc5 Qb6 22. Be3 Qc7 23. Nxd7 Bxd7 24. Bxa7 f6 25. Bc5 Rfd8 26. Bb6 Qd6 27. Bxd8
Rxd8 28. Ra7 Qb4 29. Rfa1 Bf8 30. Ra8 Bc8 31. Kh2 Bc5 32. Qd2 Qxd2 33. Nxd2 Kf7
34. Nf3 Ke6 35. g3 h6 36. Nh4 f5 37. exf5+ gxf5 38. Re1 Rg8 39. Re2 Bd6 40. Rg2
e4 41. Ng6 c5 42. dxe4 fxe4 43. Nf4+ Ke5 44. Rd2 Bc7 45. Rd5+ Kf6 46. Rxc5 Bxf4
47. gxf4 e3 48. Raxc8 e2 49. R8c6+ Kf7 50. Re5 Re8 1-0

[Event "Kaltern/Tramin2-Kaltern/Tramin3"]
[Site "?"]
[Date "2017.11.18"]
[Round "2.1"]
[White "Maier, Fridolin"]
[Black "Unterkofler, Alex"]
[Result "1/2-1/2"]
[WhiteElo "1678"]
[BlackElo "1680"]
[PlyCount "22"]
[EventDate "2017.11.18"]

1. e4 e5 2. Nf3 Nc6 3. d4 exd4 4. Nxd4 Nxd4 5. Qxd4 d6 6. Nc3 Qf6 7. Qxf6 Nxf6
8. Bc4 Be6 9. Bxe6 fxe6 10. O-O Be7 11. Bg5 O-O 1/2-1/2

[Event "Kaltern/Tramin2-Kaltern/Tramin3"]
[Site "?"]
[Date "2017.11.18"]
[Round "2.2"]
[White "Sinner, Armin"]
[Black "Florian, Andreas"]
[Result "1/2-1/2"]
[WhiteElo "1531"]
[BlackElo "1517"]
[PlyCount "32"]
[EventDate "2017.11.18"]

1. e4 e6 2. d3 d5 3. Nd2 c5 4. g3 Nf6 5. Bg2 Nc6 6. Ngf3 Be7 7. O-O O-O 8. Re1
b6 9. Nf1 Bb7 10. Bf4 h6 11. h4 Re8 12. c3 Qd7 13. e5 Ng4 14. Ne3 Nxe3 15. Bxe3
Rad8 16. d4 c4 1/2-1/2

[Event "Kaltern/Tramin2-Kaltern/Tramin3"]
[Site "?"]
[Date "2017.11.18"]
[Round "2.4"]
[White "Gutmann, Norbert"]
[Black "Maier, Felix"]
[Result "1/2-1/2"]
[WhiteElo "1451"]
[BlackElo "1343"]
[PlyCount "30"]
[EventDate "2017.11.18"]

1. e4 e5 2. Nf3 Nc6 3. b3 Bc5 4. Bb2 d6 5. d4 Nxd4 6. Nxd4 Bxd4 7. Bxd4 exd4 8.
Qxd4 Qf6 9. Qxf6 Nxf6 10. Bd3 O-O 11. O-O Bd7 12. Nd2 Rfe8 13. a4 d5 14. exd5
Nxd5 15. Be4 Bc6 1/2-1/2

[Event "Klausen-Ehrenburg"]
[Site "?"]
[Date "2017.11.18"]
[Round "2.1"]
[White "Gatterer, Florian"]
[Black "Schacher, Gerd"]
[Result "1/2-1/2"]
[WhiteElo "2284"]
[BlackElo "2282"]
[PlyCount "31"]
[EventDate "2017.11.18"]

1. c4 g6 2. e4 Bg7 3. d4 c5 4. Nf3 cxd4 5. Nxd4 Qb6 6. Nb3 Nc6 7. Be2 Qc7 8.
O-O b6 9. Na3 a6 10. Nc2 Nf6 11. f3 O-O 12. Be3 d6 13. Qd2 Bd7 14. Rac1 Rac8
15. Rfd1 Qb7 16. Kh1 1/2-1/2

[Event "Klausen-Ehrenburg"]
[Site "?"]
[Date "2017.11.18"]
[Round "2.2"]
[White "Seebacher, Michael"]
[Black "Hengl, Christian"]
[Result "1/2-1/2"]
[WhiteElo "1944"]
[BlackElo "2157"]
[PlyCount "90"]
[EventDate "2017.11.18"]

1. e4 e6 2. d4 d5 3. Nc3 Nf6 4. e5 Nfd7 5. f4 c5 6. Nf3 Nc6 7. Be3 a6 8. Qd2 b5
9. Qf2 Qa5 10. g3 b4 11. Ne2 b3+ 12. Nc3 cxd4 13. Nxd4 Nxd4 14. Bxd4 bxc2 15.
Qxc2 Bc5 16. Qd2 O-O 17. Be2 Rb8 18. b3 Bxd4 19. Qxd4 Rxb3 20. axb3 Qxa1+ 21.
Bd1 f6 22. exf6 Nxf6 23. O-O Ne4 24. Ne2 Qa2 25. Nc1 Qd2 26. Qxd2 Nxd2 27. Rf2
Ne4 28. Rc2 Bd7 29. Nd3 Bb5 30. Ne5 Nf6 31. Rc7 Rd8 32. Kf2 Rb8 33. Re7 Rb6 34.
g4 Be8 35. g5 Ne4+ 36. Ke3 Kf8 37. Ra7 Nc5 38. Kd4 Nb7 39. Bc2 g6 40. Ng4 Na5
41. Rxh7 Nc6+ 42. Ke3 Rb4 43. Nf6 Bf7 44. Nd7+ Kg8 45. Nf6+ Kf8 1/2-1/2

[Event "Klausen-Ehrenburg"]
[Site "?"]
[Date "2017.11.18"]
[Round "2.3"]
[White "Jedinger, Andreas"]
[Black "Seebacher, Reinhard"]
[Result "1-0"]
[WhiteElo "2104"]
[BlackElo "1883"]
[PlyCount "83"]
[EventDate "2017.11.18"]

1. Nf3 d5 2. e3 Bg4 3. c4 Bxf3 4. Qxf3 e6 5. Nc3 c6 6. b3 Bd6 7. Bb2 Qf6 8. Qd1
Qg6 9. d3 Nf6 10. Qd2 O-O 11. O-O-O Na6 12. h3 Rac8 13. g4 Rfd8 14. f4 dxc4 15.
bxc4 Bb4 16. Qc2 Nc5 17. e4 b5 18. e5 Bxc3 19. Bxc3 bxc4 20. f5 exf5 21. exf6
cxd3 22. Bxd3 Qg5+ 23. Kb1 Qe3 24. Bxf5 Rb8+ 25. Ka1 g6 26. Rde1 Qf3 27. Rhf1
Qd5 28. Be4 Qd6 29. Rd1 Qf8 30. Bg2 Ne6 31. h4 Qc5 32. Be4 Rxd1+ 33. Rxd1 h5
34. gxh5 Qxh5 35. Rg1 Nf8 36. Qf2 Re8 37. Bf3 Qf5 38. h5 Qd3 39. Bb2 Re3 40.
Bd1 c5 41. hxg6 Nxg6 42. Rxg6+ 1-0

[Event "Klausen-Ehrenburg"]
[Site "?"]
[Date "2017.11.18"]
[Round "2.4"]
[White "Schrott, Karl"]
[Black "Babinetz, Rainer"]
[Result "1-0"]
[WhiteElo "1988"]
[BlackElo "1959"]
[PlyCount "60"]
[EventDate "2017.11.18"]

1. e4 e5 2. Nf3 Nf6 3. Nxe5 d6 4. Nf3 Nxe4 5. Be2 Be7 6. d3 Nf6 7. O-O O-O 8.
Nc3 c6 9. Bg5 Nbd7 10. Re1 d5 11. d4 Ne4 12. Bxe7 Qxe7 13. Bd3 f5 14. Ne2 Qd6
15. c4 b6 16. cxd5 cxd5 17. Qb3 Bb7 18. Nc3 Kh8 19. Rac1 a6 20. a4 Rac8 21. Ne2
h6 22. Rxc8 Rxc8 23. Rc1 Rxc1+ 24. Nxc1 g5 25. g3 g4 26. Nh4 f4 27. Bxe4 dxe4
28. Qf7 Nf8 29. Nf5 Qg6 30. Qxf8+ Kh7 1-0

[Event "Klausen-Ehrenburg"]
[Site "?"]
[Date "2017.11.18"]
[Round "2.5"]
[White "Gruber, Alexander"]
[Black "Schrott, Ernst"]
[Result "1/2-1/2"]
[WhiteElo "1815"]
[BlackElo "1884"]
[PlyCount "48"]
[EventDate "2017.11.18"]

1. e4 c5 2. Nf3 Nf6 3. d3 e6 4. g3 Nc6 5. Bg2 Be7 6. O-O O-O 7. Re1 d6 8. c4 a6
9. Nc3 Rb8 10. a4 Nd4 11. Be3 Qb6 12. Rb1 Nxf3+ 13. Bxf3 Qa5 14. Bd2 Qc7 15.
Qc2 Bd7 16. b3 b5 17. axb5 axb5 18. cxb5 Bxb5 19. Nxb5 Rxb5 20. b4 Rfb8 21.
bxc5 Rxb1 22. Rxb1 Rxb1+ 23. Qxb1 dxc5 24. Qb5 Nd7 1/2-1/2

[Event "Klausen-Ehrenburg"]
[Site "?"]
[Date "2017.11.18"]
[Round "2.6"]
[White "Schrott, Johann"]
[Black "Mairhofer, Lino"]
[Result "1/2-1/2"]
[WhiteElo "1844"]
[BlackElo "1740"]
[PlyCount "42"]
[EventDate "2017.11.18"]

1. e4 c5 2. Nf3 d6 3. d4 cxd4 4. Nxd4 Nf6 5. Nc3 g6 6. Be2 Bg7 7. Be3 Nc6 8.
O-O O-O 9. Kh1 Bd7 10. Nb3 a6 11. a4 Rc8 12. f4 Be6 13. Nd4 Bd7 14. Bf3 Nxd4
15. Bxd4 Bc6 16. a5 e6 17. Rf2 Qe7 18. Rd2 e5 19. fxe5 dxe5 20. Bb6 Nd7 21. Be3
Rfd8 1/2-1/2

[Event "Naturns-Kaltern/Tramin"]
[Site "?"]
[Date "2017.11.18"]
[Round "2.2"]
[White "Unterthurner, Hans"]
[Black "Paltrinieri, Nicholas"]
[Result "0-1"]
[WhiteElo "1933"]
[BlackElo "2234"]
[PlyCount "116"]
[EventDate "2017.11.18"]

1. e4 e6 2. d4 d5 3. Nc3 Bb4 4. e5 c5 5. a3 Bxc3+ 6. bxc3 Qa5 7. Bd2 Qa4 8. Qg4
g6 9. Qd1 Nc6 10. Nf3 c4 11. Be2 Bd7 12. O-O O-O-O 13. Ng5 Rf8 14. f4 f6 15.
Nf3 Qa5 16. Be1 h6 17. Qb1 Nge7 18. exf6 Rxf6 19. Ne5 Nxe5 20. dxe5 Rf7 21. Qb4
Qc7 22. g3 g5 23. Bd2 gxf4 24. Bxf4 h5 25. Bg5 Nf5 26. a4 Rg8 27. Bxh5 Rh7 28.
Bg6 Rhg7 29. Bxf5 Rxg5 30. Bh3 Qxe5 31. Rf8+ Rxf8 32. Qxf8+ Kc7 33. Qc5+ Kb8
34. Rf1 Rg8 35. a5 Rc8 36. Qd4 Qxd4+ 37. cxd4 Kc7 38. c3 Kd6 39. Rf7 b5 40.
axb6 axb6 41. Bg4 b5 42. h4 Rg8 43. Bf3 Rxg3+ 44. Kh2 Rg8 45. h5 b4 46. cxb4
Be8 47. Ra7 Bxh5 48. Ra6+ Ke7 49. Bxh5 Rh8 50. Kg3 Rxh5 51. Kf4 Rh4+ 52. Ke3
Re4+ 53. Kf3 Rxd4 54. Rc6 Rd3+ 55. Ke2 Rb3 56. Rb6 Kf6 57. b5 Kf5 58. Rb8 Ke4
0-1

[Event "Naturns-Kaltern/Tramin"]
[Site "?"]
[Date "2017.11.18"]
[Round "2.3"]
[White "Panjkovic, Aleksandar"]
[Black "Naegele, Norbert"]
[Result "1/2-1/2"]
[WhiteElo "2074"]
[BlackElo "1847"]
[PlyCount "40"]
[EventDate "2017.11.18"]

1. c4 c5 2. g3 Nf6 3. Nc3 e6 4. Bg2 d5 5. cxd5 exd5 6. d4 cxd4 7. Qxd4 Nc6 8.
Qd1 d4 9. Ne4 Bb4+ 10. Bd2 Be7 11. Nxf6+ Bxf6 12. Nf3 Qb6 13. Qc2 O-O 14. O-O
g6 15. Bg5 Bg7 16. Qd2 Re8 17. Ne1 Bg4 18. Bf3 Bh3 19. Bg2 Bg4 20. Bf3 Bh3
1/2-1/2

[Event "Naturns-Kaltern/Tramin"]
[Site "?"]
[Date "2017.11.18"]
[Round "2.4"]
[White "Gurschler, Thomas"]
[Black "Waldner, Mirko"]
[Result "0-1"]
[WhiteElo "1837"]
[BlackElo "1912"]
[PlyCount "81"]
[EventDate "2017.11.18"]

1. d4 Nf6 2. Bf4 g6 3. e3 Bg7 4. Nf3 O-O 5. Nbd2 d6 6. Be2 c5 7. c3 a6 8. a4
Nc6 9. O-O Bf5 10. Nc4 b5 11. Na3 b4 12. Nc4 bxc3 13. bxc3 Nd5 14. Rc1 Nxf4 15.
exf4 Qc7 16. d5 Na5 17. Nfd2 Nxc4 18. Nxc4 a5 19. Bd3 Bd7 20. Qc2 e6 21. Ne3
Rab8 22. Rb1 Rxb1 23. Rxb1 Rb8 24. Rb3 Re8 25. Rb1 Rb8 26. Rb3 Re8 27. Rb1 exd5
28. Nxd5 Qc6 29. Bb5 Qxd5 30. Bxd7 Re7 31. c4 Qd4 32. Bc6 Qxf4 33. g3 Qe5 34.
Qd2 h5 35. Qxa5 Kh7 36. h4 Qf5 37. Re1 Bd4 38. Qd2 Qxf2+ 39. Qxf2 Rxe1+ 40. Kg2
Bxf2 41. Kxf2 0-1